000 00579cam a2200229 4500
008 090401t1993 xxu||||| |||| 00| 0 eng d
020 _a0752000101
035 _a(Sirsi) u59208
041 _aeng
050 _a346.4104343
100 _aLewison, Kim
245 _aDrafting business leases.
250 _a4th ed.
260 _aLondon
_bLongman
_c1993
300 _axxxiv,351p. ; 24cm.
350 _a45
650 _aBUSINESS LEASES
650 _aPROPERTY-COMMERCIAL PROPERTY
690 _aLANDLORD AND TENANT-BUSINESS TENANCIES
942 _n0
948 _c04/03/1997
999 _c94130
_d94130